The history of computers / (Record no. 179478)
[ view plain ]
| 000 -LEADER | |
|---|---|
| fixed length control field | 00837 a2200241 4500 |
| 003 - CONTROL NUMBER IDENTIFIER | |
| control field | Nust |
| 005 - DATE AND TIME OF LATEST TRANSACTION | |
| control field | 20220721100313.0 |
| 010 ## - LIBRARY OF CONGRESS CONTROL NUMBER | |
| LC control number | 95175042 |
| 020 ## - INTERNATIONAL STANDARD BOOK NUMBER | |
| International Standard Book Number | 1562762753 (pbk.) : |
| 035 ## - SYSTEM CONTROL NUMBER | |
| System control number | (OCoLC)32554497 |
| 035 ## - SYSTEM CONTROL NUMBER | |
| System control number | 3584-37060 |
| 040 ## - CATALOGING SOURCE | |
| Transcribing agency | Nust |
| 082 00 - DEWEY DECIMAL CLASSIFICATION NUMBER | |
| Classification number | 004,FRE |
| 100 1# - MAIN ENTRY--PERSONAL NAME | |
| Personal name | Freed, Les. |
| 9 (RLIN) | 94241 |
| 245 14 - TITLE STATEMENT | |
| Title | The history of computers / |
| Statement of responsibility, etc. | Les Freed ; illustrated by Sarah Ishida. |
| 260 ## - PUBLICATION, DISTRIBUTION, ETC. | |
| Place of publication, distribution, etc. | Emeryville, Calif. : |
| Name of publisher, distributor, etc. | Ziff-Davis Press, |
| Date of publication, distribution, etc. | c1995. |
| 300 ## - PHYSICAL DESCRIPTION | |
| Extent | ix, 153 p. : |
| Other physical details | col. ill. ; |
| Dimensions | 26 cm. |
| 505 ## - FORMATTED CONTENTS NOTE | |
| Formatted contents note | Computer Ancestry (Page-1), Harnessing The Electron (Page-18), Building An Industry (Page-50), Two Guys In Garage (Page-82), The PC Grows Up (Page-104). |
| 650 #0 - SUBJECT ADDED ENTRY--TOPICAL TERM | |
| Topical term or geographic name entry element | Computers |
| General subdivision | History. |
| 9 (RLIN) | 36552 |
| 650 #0 - SUBJECT ADDED ENTRY--TOPICAL TERM | |
| Topical term or geographic name entry element | Microcomputers |
| General subdivision | History. |
| 9 (RLIN) | 94242 |
| 700 1# - ADDED ENTRY--PERSONAL NAME | |
| Personal name | Ishida, Sarah. |
| 9 (RLIN) | 94243 |
| 942 ## - ADDED ENTRY ELEMENTS (KOHA) | |
| Source of classification or shelving scheme | |
| Koha item type | Book |
| Call number prefix | 004,FRE |
| Withdrawn status | Lost status | Source of classification or shelving scheme | Damaged status | Not for loan | Permanent Location | Current Location | Shelving location | Date acquired | Full call number | Barcode | Date last seen | Price effective from | Koha item type | Public note |
|---|---|---|---|---|---|---|---|---|---|---|---|---|---|---|
| Military College of Signals (MCS) | Military College of Signals (MCS) | General Stacks | 12/12/2016 | 004,FRE | MCS26607 | 12/08/2016 | 12/12/2016 | Book | Almirah No.1, Shelf No.4 |
